Подробности
| 000 -МАРКЕР |
| контрольное поле |
01597nam0a2200373 4500 |
| 001 - ИДЕНТИФИКАТОР ЗАПИСИ |
| контрольное поле |
RU\NLR\bibl\455376 |
| 005 - ИДЕНТИФИКАТОР ВЕРСИИ |
| контрольное поле |
20260412063615.0 |
| 010 ## - МЕЖДУНАРОДНЫЙ СТАНДАРТНЫЙ НОМЕР КНИГИ (ISBN) |
| Номер (ISBN) |
5-85447-016-0 |
| Тираж |
1000 |
| 035 ## - ДРУГИЕ СИСТЕМНЫЕ НОМЕРА |
| Идентификатор записи |
(NLR Aleph) 000448916 |
| 100 ## - ДАННЫЕ ОБЩЕЙ ОБРАБОТКИ |
| Данные общей обработки |
20031104d2003 |||y0rusy50 ca |
| 101 0# - ЯЗЫК РЕСУРСА |
| Язык текста, звукозаписи и т.д. |
русский |
| Язык оригинала |
французский |
| 102 ## - СТРАНА ПУБЛИКАЦИИ ИЛИ ПРОИЗВОДСТВА |
| Страна публикации |
российская федерация |
| 105 ## - ПОЛЕ КОДИРОВАННЫХ ДАННЫХ: ТЕКСТОВЫЕ МАТЕРИАЛЫ, МОНОГРАФИЧЕСКИЕ |
| Кодированные данные о монографическом текстовом документе |
a ||||||||| |
| 200 1# - ЗАГЛАВИЕ И СВЕДЕНИЯ ОБ ОТВЕТСТВЕННОСТИ |
| Основное заглавие |
Молодец |
| Параллельное заглавие |
Le gars |
| Сведения, относящиеся к заглавию |
Поэма |
| Первые сведения об ответственности |
Марина Цветаева |
| Последующие сведения об ответственности |
[Перс. с фр. Л.М. Цывьяна] |
| -- |
Подгот. Наталья Телетова |
| -- |
Ил. Натальи Гончаровой |
| Язык параллельного заглавия |
французский |
| 210 ## - ПУБЛИКАЦИЯ, РАСПРОСТРАНЕНИЕ И ДР. |
| Место издания, распространения и т.д. |
СПб. |
| Имя издателя, распространителя и т. д. |
Дорн |
| Дата издания, распространения и т.д. |
2003 |
| 215 ## - ФИЗИЧЕСКАЯ ХАРАКТЕРИСТИКА |
| Специфическое обозначение материала и объем |
258,[4] с. |
| Другие сведения о физической характеристике |
цв. ил. |
| Размеры |
28 |
| 300 ## - ОБЩИЕ ПРИМЕЧАНИЯ |
| Текст примечания |
Авт. также на фр. яз.: Marina Tsvetaeva |
| 300 ## - ОБЩИЕ ПРИМЕЧАНИЯ |
| Текст примечания |
Текст парал. на фр. яз. |
| 316 ## - ПРИМЕЧАНИЯ ОБ ОСОБЕННОСТЯХ ЭКЗЕМПЛЯРА |
| Текст примечания |
2-й экз. с автогр. Натальи Телетовой |
| Организация и экземпляр, к которому относится поле |
NLR |
| 320 ## - ПРИМЕЧАНИЯ О НАЛИЧИИ В ДОКУМЕНТЕ БИБЛИОГРАФИИ / УКАЗАТЕЛЯ |
| Текст примечания |
Библиогр. в прим.: с. 242-243 (85 назв.) и в тексте |
| 327 1# - ПРИМЕЧАНИЯ О СОДЕРЖАНИИ |
| Текст примечания |
В кн. также: Любимая поэма Цветаевой / Наталья Телетова |
| 510 1# - ПАРАЛЛЕЛЬНОЕ ЗАГЛАВИЕ |
| Связь между полями |
z22790 |
| Параллельное заглавие |
Le gars |
| Язык заглавия |
французский |
| 686 ## - ИНДЕКСЫ ДРУГИХ КЛАССИФИКАЦИЙ |
| Индекс |
Ш6(2=Р)6-5 |
| 686 ## - ИНДЕКСЫ ДРУГИХ КЛАССИФИКАЦИЙ |
| Индекс |
Ш6(2=Р)75-57Цывьян |
| 700 #1 - ИМЯ ЛИЦА - ПЕРВИЧНАЯ ОТВЕТСТВЕННОСТЬ |
| Код отношения |
Автор |
| Материалы, к которым относится поле |
rus |
| Графика поля |
Кириллица |
| Начальный элемент ввода |
Цветаева |
| Часть имени, кроме начального элемента ввода |
М. И. |
| Даты |
1892-1941 |
| Расширение инициалов личного имени |
Марина Ивановна |
| Идентификатор авторитетной/нормативной записи |
RU\NLR\AUTH\779131 |
| Системный номер авторитетной/нормативной записи |
118995 |
| 790 #1 - ИМЯ ЛИЦА - АЛЬТЕРНАТИВНАЯ ФОРМА |
| Код отношения |
Автор |
| Материалы, к которым относится поле |
rus |
| Графика поля |
Латинская |
| Начальный элемент ввода |
Cvetaeva |
| Часть имени, кроме начального элемента ввода |
M. I. |
| Даты |
1892-1941 |
| Расширение инициалов личного имени |
Marina Ivanovna |
| Идентификатор авторитетной/нормативной записи |
RU\NLR\Auth\7728600 |
| Системный номер авторитетной/нормативной записи |
11631 |
| 801 #0 - ИСТОЧНИК ЗАПИСИ |
| Страна |
российская федерация |
| Организация |
NLR |
| Дата составления |
20031104 |
| Правила каталогизации |
PSBO |
| 801 #1 - ИСТОЧНИК ЗАПИСИ |
| Страна |
российская федерация |
| Организация |
NLR |
| Дата составления |
20031104 |
| 942 ## - ДОПОЛНИТЕЛЬНЫЕ ЭЛЕМЕНТЫ ЗАПИСИ (АБИС) |
| Тип экземпляра АБИС |
Книга |
| 980 ## - КОЛЛЕКЦИЯ |
| Название коллекции |
Национальная библиография |